• Szymanowski Karol

di Personal Name

Records bibliografici associati: 1

001 - CONTROL NUMBER

  • control field: 23057

003 - CONTROL NUMBER IDENTIFIER

  • control field: IT-RoPau

005 - DATE AND TIME OF LATEST TRANSACTION

  • control field: 20140430103441.0

008 - FIXED-LENGTH DATA ELEMENTS

  • fixed length control field: 140430|| aca||aabn | a|a d

040 ## - CATALOGING SOURCE

  • Original cataloging agency: IT-RoPau
  • Transcribing agency: IT-RoPau

100 ## - HEADING--PERSONAL NAME

  • Personal name: Szymanowski Karol
  • Miscellaneous information: Codice interprete SPICS: 21391
  • Relator term: Interprete

670 ## - SOURCE DATA FOUND

  • Source citation: Work cat.: (IT-RoPau)104111: Szymanowski Karol 23054, Karol Szymanowski Stabat mater op.53 litania do Marii Panny op.59 Demeter op.37 Bis
CREDITS: SOCIETA' SAN PAOLO Via A.Severo, 58 - ROMA (RM) & PERIODICI SAN PAOLO SRL Via Giotto, 36 MILANO & CISF Via Giotto, 36 MILANO & EDIZIONI SAN PAOLO SRL,  Piazza Soncino, 5 CINISELLO BALSAMO (MI) -- ITALY